Red centroamericana de información socioeducativa y cultural: programa de asistencia técnica /

में बचाया:
ग्रंथसूची विवरण
मुख्य लेखक: Cifuentes, Ricardo
अन्य लेखक: Murillo, Jaime
स्वरूप: मूलपाठ
प्रकाशित: San José: CSUCA. CEDESC
टैग: टैग जोड़ें
कोई टैग नहीं, इस रिकॉर्ड को टैग करने वाले पहले व्यक्ति बनें!

MARC

LEADER 00000 a a2200000 04500
001 21476
003
040 |a CRAI/IIS  |c CRAI/IIS 
090 |a 094700  
100 |a Cifuentes, Ricardo  
245 |a Red centroamericana de información socioeducativa y cultural: programa de asistencia técnica /  |c Ricardo Cifuentes 
260 |a San José:   |b CSUCA. CEDESC  
300 |a 12 p.  
700 |a Murillo, Jaime  
999 |c 5007  |d 5007